000 00644nam a2200193Ia 4500
003 GCL
008 140319s9999 xx 000 0 ara d
040 _aGCL /
_cGCL
082 0 4 _a001.6424
_bع ت
100 1 _aعمر مكداشى
245 1 0 _aتوربو باسكال لغة : البرمجة المتطورة للمتمرسين /
_cعمر مكداشى
260 _a[S.N] :
_bدار الراتب الجامعية
300 _a160 ص
490 _a
650 0 4 _aتوربو باسكال
650 0 4 _aبرامج الحاسبات الالكترونية
650 0 4 _aالحاسبات الالكترونية- لغات
942 _2ddc
_cBK
999 _c53217
_d53217